000 01093nam a22003737a 4500
001 BR2016003478
003 BR-BrBNA
005 20230928104936.0
007 ta
008 230509b bl.||||| |||| 00| 0 por d
040 _aBR-BrBNA
_bpor
_cBiblioteca Nacional de Agricultura
041 _a(Por)
072 _aL73
_b5214
_b4110
090 _ 5214 BR2016003478
100 1 _aOliveira, V.M. de
100 1 _aMendonça, L.C.
100 1 _aMiranda, J.E.C. de
100 1 _aDiniz, F.H.
100 1 _aReis, E.S. dos
100 1 _aGuimarães, A. de Sá
100 1 _aMagalhães, V.M.A. de
110 1 _aEmpresa Brasileira de Pesquisa Agropecuária, Brasília, DF (Brasil)
245 1 _aComo identificar a vaca com mastite em sua propriedade
_bCartilhas Elaboradas Conforme a Metodologia e-Rural
250 1 _a1. ed.
260 3 _aBrasília, DF (Brasil):
_c2015.
300 _a40 p.
500 _a49 illus
650 _aMAMITE
650 _aTESTE DE MAMITE
650 _aDOENÇA ANIMAL
650 _aGADO LEITEIRO
909 _a202309
_bLucia
_c55
_dLucia Elande
942 _cBK
999 _c82559
_d82559